Germany or Austria? - Statistics

General Stats
  • This quiz has been taken 54 times
  • The average score is 25 of 30
Answer Stats
Question Answer % Correct
Which country is known for Oktoberfest? Germany
100%
Where is Schönbrunn Palace located? Austria
97%
Where is Vienna located? Austria
97%
Where is the Vienna Philharmonic Orchestra located? Austria
97%
Which country is home to the Black Forest? Germany
97%
Which country has Berlin as its capital? Germany
97%
Which country is smaller in land area? Austria
93%
Which country is a member of NATO? Germany
93%
Where is the city of Salzburg located? Austria
90%
Which country produces more beer annually? Germany
90%
Where was Wolfgang Amadeus Mozart born? Austria
87%
Which country was part of the Austro-Hungarian Empire? Austria
87%
Which country has the Autobahn highway system? Germany
87%
Which country is a founding member of the European Union? Germany
87%
Which country is known for Sachertorte? Austria
83%
Where is Neuschwanstein Castle located? Germany
83%
Where is the city of Munich located? Germany
83%
Where are BMW and Mercedes-Benz headquartered? Germany
83%
Where is the Lipizzaner horse tradition famous? Austria
80%
Which country shares a border with Switzerland? Both
80%
Which country has more UNESCO World Heritage Sites? Germany
80%
Which country’s capital city is larger in population? Germany
80%
Which country was governed by the Habsburg dynasty? Austria
77%
Which country is home to the Alps? Both
77%
Where was Ludwig van Beethoven born? Germany
77%
Which country’s national language includes Bavarian dialects? Both
73%
Which country has the Zugspitze, its tallest mountain? Germany
70%
Where is the Danube River longest? Austria
67%
Where is the largest Volksfest (folk festival) in Europe held? Germany
67%
Where is the Hofburg Imperial Palace? Austria
63%
No matching quizzes found
Score Distribution
Percent of People with Each Score
Percentile by Number Answered
Your Score History
You have not taken this quiz